The Influence of Indigenous Identity and Gender in Perceptions of Behavior in Response to Racialized Police Communication

The current studies examined whether the race and gender of a person under suspicion (Studies 1 and 2), as well as the race of the person who called the police (Study 2) influences perceptions of police conduct. Participants read a summary in which the police were called on individuals waiting in a...

Full description

Saved in:  
Bibliographic Details
Authors: Sheahan, Chelsea L. (Author) ; Pica, Emily (Author) ; Thompson, Lauren E. (Author) ; Vettese, Alexia (Author) ; Pozzulo, Joanna D. (Author)
Format: Electronic Article
Language:English
Published: 2023
In: Race and social problems
Year: 2023, Volume: 15, Issue: 3, Pages: 246-261
Online Access: Volltext (lizenzpflichtig)
Check availability: HBZ Gateway
Keywords:

MARC

LEADER 00000naa a22000002c 4500
001 1853379581
003 DE-627
005 20230723054805.0
007 cr uuu---uuuuu
008 230723s2023 xx |||||o 00| ||eng c
024 7 |a 10.1007/s12552-022-09363-6  |2 doi 
035 |a (DE-627)1853379581 
035 |a (DE-599)KXP1853379581 
040 |a DE-627  |b ger  |c DE-627  |e rda 
041 |a eng 
084 |a 2,1  |2 ssgn 
100 1 |a Sheahan, Chelsea L.  |e VerfasserIn  |4 aut 
245 1 4 |a The Influence of Indigenous Identity and Gender in Perceptions of Behavior in Response to Racialized Police Communication 
264 1 |c 2023 
336 |a Text  |b txt  |2 rdacontent 
337 |a Computermedien  |b c  |2 rdamedia 
338 |a Online-Ressource  |b cr  |2 rdacarrier 
520 |a The current studies examined whether the race and gender of a person under suspicion (Studies 1 and 2), as well as the race of the person who called the police (Study 2) influences perceptions of police conduct. Participants read a summary in which the police were called on individuals waiting in a coffee shop (Study 1; N = 133) or sleeping in their dorm common room (Study 2; N = 247). Suspect race (Indigenous vs. White) and gender (male vs. female) were varied in both studies. In Study 2, the race of the person who called the police also varied (Indigenous vs. White). Participants in Study 1 believed race influenced the call to police and the arrest when the suspect was Indigenous (vs. White). Additionally, in both studies, participants were more likely to think that gender influenced the call to police and the arrest when the suspect was described as male (vs. female). The current studies provide new insight regarding public perception of racialized police communication. 
650 4 |a Suspect gender 
650 4 |a Suspect race 
650 4 |a Racialized police communication 
650 4 |a Perception of police 
700 1 |a Pica, Emily  |e VerfasserIn  |4 aut 
700 1 |a Thompson, Lauren E.  |e VerfasserIn  |4 aut 
700 1 |a Vettese, Alexia  |e VerfasserIn  |4 aut 
700 1 |a Pozzulo, Joanna D.  |e VerfasserIn  |4 aut 
773 0 8 |i Enthalten in  |t Race and social problems  |d New York, NY [u.a.] : Springer, 2009  |g 15(2023), 3, Seite 246-261  |h Online-Ressource  |w (DE-627)599675403  |w (DE-600)2493937-7  |w (DE-576)30701682X  |x 1867-1756  |7 nnas 
773 1 8 |g volume:15  |g year:2023  |g number:3  |g pages:246-261 
856 4 0 |u https://doi.org/10.1007/s12552-022-09363-6  |x Resolving-System  |z lizenzpflichtig  |3 Volltext  |7 1 
935 |a mkri 
951 |a AR 
ELC |a 1 
LOK |0 000 xxxxxcx a22 zn 4500 
LOK |0 001 4357048648 
LOK |0 003 DE-627 
LOK |0 004 1853379581 
LOK |0 005 20230723043608 
LOK |0 008 230723||||||||||||||||ger||||||| 
LOK |0 035   |a (DE-2619)KrimDok#2023-07-22#B05B9FF72004118563FD24944A091F41A328B1C0 
LOK |0 040   |a DE-2619  |c DE-627  |d DE-2619 
LOK |0 092   |o n 
LOK |0 852   |a DE-2619 
LOK |0 852 1  |9 00 
LOK |0 935   |a zota 
LOK |0 939   |a 23-07-23  |b l01 
ORI |a SA-MARC-krimdoka001.raw